| 000 | 00506 a2200181 4500 | ||
|---|---|---|---|
| 003 | OSt | ||
| 005 | 20240122105655.0 | ||
| 008 | 240122b |||||||| |||| 00| 0 eng d | ||
| 020 | _a9789388516464 | ||
| 040 | _coclc | ||
| 082 |
_a954 _bMOU/C |
||
| 100 |
_aMoulavi, E Moidu _92113 |
||
| 245 |
_aCharithra Chinthakal / _cE. Moidu Moulavi |
||
| 250 | _a1st ed. | ||
| 260 |
_aMalappuram: _bBook Plus Publishers, _c2021. |
||
| 300 | _a88p. | ||
| 942 |
_2ddc _cBK _h954 _iMOU/C _k954 _mMOU/C |
||
| 999 |
_c43284 _d43284 |
||